Statistics for Ten Biggest Countries by Continent

Click here to take the quiz!

General Stats

  • This quiz has been taken 1,898 times
  • The average score is 53 of 59

Answer Stats

Continent Country % Correct
North AmericaUnited States
99%
Asia / EuropeRussia
99%
North AmericaCanada
99%
OceaniaAustralia
98%
South AmericaBrazil
98%
EuropeGermany
98%
North AmericaMexico
98%
EuropeFrance
98%
AsiaChina
98%
South AmericaArgentina
97%
EuropeSpain
97%
OceaniaNew Zealand
97%
AsiaIndia
96%
EuropeUkraine
96%
South AmericaChile
95%
South AmericaColombia
95%
South AmericaPeru
95%
AfricaAlgeria
95%
North AmericaCuba
94%
EuropeSweden
94%
AfricaD.R. Congo
94%
AsiaKazakhstan
94%
South AmericaBolivia
93%
AfricaSouth Africa
93%
South AmericaVenezuela
93%
South AmericaParaguay
93%
EuropePoland
92%
EuropeNorway
92%
EuropeFinland
92%
EuropeItaly
91%
AfricaSudan
91%
North AmericaPanama
90%
OceaniaPapua New Guinea
90%
AsiaIndonesia
90%
AfricaLibya
89%
AsiaMongolia
89%
AsiaIran
89%
South AmericaEcuador
89%
AsiaSaudi Arabia
89%
North AmericaHonduras
89%
OceaniaFiji
88%
AfricaChad
88%
AfricaNiger
88%
North AmericaNicaragua
88%
North AmericaGuatemala
87%
North AmericaCosta Rica
86%
AsiaPakistan
85%
South AmericaGuyana
84%
OceaniaSolomon Islands
83%
AsiaTurkey
83%
AfricaMali
81%
OceaniaMicronesia
80%
AfricaEthiopia
80%
OceaniaSamoa
78%
North AmericaDominican Republic
77%
AfricaAngola
76%
OceaniaVanuatu
76%
OceaniaTonga
75%
OceaniaKiribati
75%

Score Distribution

Percentile by Number Answered

Percent of People with Each Score

Your Score History

You have not taken this quiz